000 00728nam a22001817a 4500
999 _c371903
_d371903
008 201127b ||||| |||| 00| 0 eng d
040 _aDE-2950
_bger
_cDE-2950
_erda
041 _ager
245 _aKorso ins Stadtzentrum.
_bProtest. Hunderte Handwerker versammelten sich auf dem Rathausplatz in Frankfurt, um gegen hohe Preise für Sprit, Strom und Gas zu demonstrieren/
_cPhilipp Stepputis
264 _c2022
653 _aFrankfurt (Oder)
653 _aHandwerkerprotest
773 _dFrankfurt (Oder) Märkisches Verlags- und Druckhaus GmbH & Co KG
_tMärkische Oderzeitung
_g33. Jahrgang (2022) Nr. 234 vom 7.10.2022, S. 13; Foto
942 _cA